000 00534cam a2200193 a 4500
001 000018130
005 20200929165352.0
008 760406s1975 xx 000 1 fre d
020 _a088565000X
040 _aDO-SdBNP
_bspa
_dBNPHU
041 1 7 _aspa
_hfre
082 _a843
_bB558c
100 1 _aBessette, Gérard.
_939133
245 1 3 _aLa commensale :
_broman /
_cGérard Bessette.
260 _aMontréal :
_bQuinze,
_c1975.
300 _a155 p. ;
_c23 cm.
650 4 _aNovela francesa
_91075
650 4 _aLiteratura francesa
_91074
999 _c17651
_d17651